[Event "27th Open"]
[Site "Cappelle la Grande FRA"]
[Date "2011.03.02"]
[Round "6"]
[White "Spasov,V"]
[Black "Haub,TM"]
[Result "1/2-1/2"]
[WhiteElo "2590"]
[BlackElo "2489"]
[EventDate "2011.02.26"]

1. e4 g6 2. d4 Bg7 3. Nf3 d6 4. Bc4 a6 5. O-O e6 6. Re1 Ne7 7. Bf1 O-O 8.
c4 Nd7 9. Nc3 h6 10. a4 a5 11. g3 Nc6 12. Bg2 e5 13. Be3 exd4 14. Nxd4 Nxd4
15. Bxd4 Ne5 16. h3 Be6 17. c5 dxc5 18. Bxc5 Re8 19. Nd5 Nc4 20. Qc2 Bxd5
21. exd5 Rxe1+ 22. Rxe1 Nd6 23. b3 Qd7 24. h4 h5 25. Be3 Be5 26. Qd2 b5 27.
Bg5 bxa4 28. Rxe5 axb3 29. Bf6 Kh7 30. Qd3 Nf5 31. Qxb3 Qd6 32. Rxf5 gxf5
33. Bd4 Re8 34. Qf3 Kg6 35. Bh3 Re1+ 36. Kh2 Qd7 37. Be3 f6 38. Qf4 Rxe3
39. Qxe3 1/2-1/2

[Event "27th Open"]
[Site "Cappelle la Grande FRA"]
[Date "2011.03.02"]
[Round "6"]
[White "Georgiev,Vl"]
[Black "Sepp,O"]
[Result "0-1"]
[WhiteElo "2579"]
[BlackElo "2485"]
[EventDate "2011.02.26"]

1. d4 Nf6 2. c4 g6 3. Nc3 Bg7 4. e4 d6 5. h3 O-O 6. Bg5 Qe8 7. Bd3 e5 8. d5
a5 9. Nge2 Na6 10. g4 Nd7 11. Ng3 Ndc5 12. Be2 Bd7 13. h4 f6 14. Be3 Rf7
15. Qd2 Qc8 16. g5 f5 17. exf5 Bxf5 18. O-O-O e4 19. h5 Nb4 20. Bxc5 dxc5
21. a3 Nd3+ 22. Bxd3 exd3 23. Rde1 Ra6 24. f4 Rb6 25. Re5 Bd7 26. Nce4 Qf8
27. hxg6 Rxf4 28. gxh7+ Kh8 29. Qc3 Rf3 30. Nf6 Rbxf6 31. gxf6 Qxf6 32. Nh5
d2+ 33. Qxd2 Qxe5 34. Nxg7 Qxg7 35. Qxa5 b6 36. Qe1 Rf4 37. Qe2 Qd4 38. Kb1
Rf2 0-1

[Event "27th Open"]
[Site "Cappelle la Grande FRA"]
[Date "2011.03.03"]
[Round "7"]
[White "Ipatov,A ESP"]
[Black "Leon Hoyos,M"]
[Result "1-0"]
[WhiteElo "2512"]
[BlackElo "2565"]
[EventDate "2011.02.26"]

1. d4 Nf6 2. c4 g6 3. Nc3 Bg7 4. e4 d6 5. Nf3 O-O 6. h3 e5 7. d5 a5 8. Bg5
Na6 9. Be2 Nc5 10. Nd2 Bd7 11. O-O h6 12. Be3 Nh7 13. Nb3 b6 14. Rc1 Qh4
15. Nxc5 bxc5 16. Qe1 f5 17. exf5 Bxf5 18. f3 Qe7 19. g4 Bd7 20. Bd3 Rf6
21. Rc2 a4 22. Rcf2 Nf8 23. h4 Rf7 24. Rh2 h5 25. Bg5 Qe8 26. Qe4 hxg4 27.
fxg4 Rxf1+ 28. Kxf1 Nh7 29. Rf2 Nxg5 30. hxg5 Rb8 31. Qxg6 e4 32. Qxe8+
Bxe8 33. Nxe4 Bg6 34. Nxc5 dxc5 35. Bxg6 Rxb2 36. Rxb2 Bxb2 37. Ke2 Kf8 38.
Kd1 Be5 39. Bc2 a3 40. Bf5 Bf4 41. g6 Ke7 42. Kc2 Be5 43. Kb3 Bb2 44. Ka4
Kd6 45. g7 Bxg7 46. Kxa3 Bf6 47. Kb3 c6 48. Be4 cxd5 49. Bxd5 Kc7 50. a4
Kb6 51. Kc2 1-0

[Event "27th Open"]
[Site "Cappelle la Grande FRA"]
[Date "2011.03.03"]
[Round "7"]
[White "Jankovic,A"]
[Black "Kryvoruchko,Y"]
[Result "1-0"]
[WhiteElo "2564"]
[BlackElo "2640"]
[EventDate "2011.02.26"]

1. d4 d5 2. c4 c6 3. Nc3 Nf6 4. Nf3 dxc4 5. a4 e6 6. e3 c5 7. Bxc4 Nc6 8.
O-O cxd4 9. exd4 Be7 10. Re1 O-O 11. Bb3 Nb4 12. Ne5 Bd7 13. Re3 Bc6 14.
Rg3 Re8 15. h4 Qd6 16. Bf4 Bd5 17. Ng6 Qd8 18. Nxe7+ Rxe7 19. Bg5 Kf8 20.
Bxf6 gxf6 21. Qh5 Re8 22. Nxd5 Nxd5 23. Qxh7 Ke7 24. Rg7 Rf8 25. Re1 Qd6
26. Qe4 Rad8 27. h5 Rh8 28. Qg6 Rdf8 29. h6 Nf4 30. Qe4 f5 31. Qxf5 Rxh6
32. Qg5+ Rf6 33. Bxe6 Qxd4 34. Bg4+ Kd6 35. Rd1 1-0

[Event "27th Open"]
[Site "Cappelle la Grande FRA"]
[Date "2011.03.03"]
[Round "7"]
[White "Harikrishna,P"]
[Black "Vovk,A"]
[Result "1-0"]
[WhiteElo "2667"]
[BlackElo "2528"]
[EventDate "2011.02.26"]

1. d4 Nf6 2. c4 g6 3. Nf3 Bg7 4. g3 O-O 5. Bg2 d6 6. O-O Nc6 7. Nc3 a6 8.
b3 Rb8 9. Nd5 Nh5 10. Bb2 e6 11. Nc3 Bd7 12. d5 Ne7 13. dxe6 Bxe6 14. Qc2
Bf5 15. Qd2 Nf6 16. Rfd1 Re8 17. h3 Nc6 18. Nd5 Be4 19. Rac1 Bxd5 20. Bxf6
Bxf6 21. cxd5 Ne5 22. Nd4 Nd7 23. e3 Re7 24. Rc2 Bg7 25. Rdc1 Nf6 26. Rc4
Ne8 27. a4 Ra8 28. a5 Qb8 29. b4 Qd8 30. R1c2 Qd7 31. Qc1 Qd8 32. Qb1 Qd7
33. Qb3 Qd8 34. Rc1 Qd7 35. Qc2 Qd8 36. Bf3 Kh8 37. Kg2 Qd7 38. h4 h5 39.
Ne2 Be5 40. Nf4 Bxf4 41. Rxf4 Re5 42. Rc4 Kg8 43. Kg1 Qb5 44. Qd2 Re7 45.
Bg2 Qd7 46. e4 Kh7 47. Qd4 Qb5 48. f4 Qd7 49. R4c3 Qb5 50. e5 Rd8 51. Bf3
Rdd7 52. Be4 Ng7 53. e6 fxe6 54. Qf6 Qxb4 55. Bxg6+ Kg8 56. Rb1 Qa4 57. Re3
e5 58. Rxb7 Qd1+ 59. Kh2 Qd2+ 60. Kh3 Qxd5 61. Rb8+ Re8 62. Be4 Qf7 63.
Rxe8+ Nxe8 64. Qg5+ Ng7 65. f5 d5 66. Bc2 Rd6 67. Rxe5 c6 68. Bd3 c5 69. f6
Qxf6 70. Re8+ Kf7 71. Bg6+ 1-0

[Event "27th Open"]
[Site "Cappelle la Grande FRA"]
[Date "2011.03.03"]
[Round "7"]
[White "Gurevich,M"]
[Black "Kanep,M"]
[Result "1/2-1/2"]
[WhiteElo "2613"]
[BlackElo "2531"]
[EventDate "2011.02.26"]

1. d4 d5 2. c4 dxc4 3. e4 Nc6 4. Nf3 Bg4 5. d5 Ne5 6. Bf4 Ng6 7. Be3 e5 8.
Bxc4 a6 9. O-O Nf6 10. Nc3 Bd6 11. Be2 O-O 12. Nd2 Bd7 13. a3 b5 14. b4 c6
15. Nb3 cxd5 16. exd5 e4 17. Nc5 Qe7 18. Qd2 Bg4 19. Bd4 Bxe2 20. Qxe2 Nf4
21. Qd2 N4xd5 22. Nxd5 Nxd5 23. Bxg7 Kxg7 24. Qxd5 Bxc5 25. bxc5 Rfd8 26.
Qf5 Rac8 27. Rac1 Rc6 28. Rfe1 Re8 29. Re3 Qe5 30. Rg3+ Rg6 31. Qxe5+ Rxe5
32. c6 Rxg3 33. c7 Re8 34. hxg3 Rc8 35. Rc6 Kf8 36. Kf1 Ke7 37. Ke2 Kd7 38.
Rxa6 Rxc7 39. Rb6 Rc2+ 40. Ke3 Rc3+ 41. Kxe4 Rxa3 42. Rxb5 Ra2 43. Kf3 Ke7
44. g4 Kf6 45. Rb6+ Kg7 46. g5 Ra5 47. Kg4 Ra2 48. Kg3 Ra3+ 49. f3 Ra2 50.
f4 Rc2 51. Kf3 Rc1 52. Kg4 Rc2 53. g3 Rc4 54. Rd6 Ra4 55. Kh5 Ra5 56. g4
Ra1 57. Kh4 Rh1+ 58. Kg3 Rg1+ 59. Kh3 Rf1 60. f5 Rf3+ 61. Kh4 Rf1 62. Rc6
Rh1+ 63. Kg3 Rf1 64. Rb6 Rg1+ 65. Kf4 Rf1+ 66. Ke5 Re1+ 67. Kf4 Rf1+ 68.
Ke3 Rg1 69. Kf3 Rf1+ 70. Kg2 Rf4 71. Kg3 Rf1 72. Rb7 Rg1+ 73. Kf4 Rf1+ 74.
Ke5 Re1+ 75. Kd6 Re4 76. Rb8 h6 77. f6+ Kh7 78. Rf8 hxg5 79. Rxf7+ Kg6 80.
Re7 Rf4 81. Ke5 Rxf6 82. Re6 Rxe6+ 83. Kxe6 Kg7 84. Kf5 Kh6 85. Kf6 Kh7 86.
Kxg5 Kg7 1/2-1/2

[Event "27th Open"]
[Site "Cappelle la Grande FRA"]
[Date "2011.03.03"]
[Round "7"]
[White "Pantsulaia,L"]
[Black "Harika,D"]
[Result "1/2-1/2"]
[WhiteElo "2610"]
[BlackElo "2520"]
[EventDate "2011.02.26"]

1. Nf3 Nf6 2. c4 g6 3. g3 Bg7 4. Bg2 d5 5. cxd5 Nxd5 6. d4 Nb6 7. Nc3 Nc6
8. e3 O-O 9. O-O Re8 10. Re1 Bd7 11. h3 a5 12. Qe2 Be6 13. Nd2 Nb4 14. Rd1
Qc8 15. a3 N4d5 16. Kh2 c5 17. Nxd5 Bxd5 18. e4 Bc6 19. dxc5 Nd7 20. Nc4
Bb5 21. a4 Ba6 22. Qc2 Qxc5 23. Rxd7 Rac8 24. Bf1 Bxc4 25. Bxc4 Qxc4 26.
Qxc4 Rxc4 27. Rxb7 Rxe4 28. Be3 Bd4 29. Bxd4 Rxd4 30. b3 Rd2 31. Kg2 Rc8
32. Rxe7 Rcc2 33. Rf1 Rd3 34. Rb7 Rb2 35. Rc1 Rdd2 36. Rf1 Rd3 37. Re1 Rdd2
38. Kf3 Rxf2+ 39. Ke4 Rf6 40. Re3 Rd2 41. Rb5 Ra6 42. Rd5 Re6+ 43. Re5 Ra6
44. Rd3 Rc2 45. Kd4 Rc7 46. Rc5 Rd6+ 47. Rd5 Ra6 48. Rc3 Rb7 49. Rc8+ Kg7
50. Rb5 Rd7+ 51. Kc4 Rd1 52. Rbb8 Re6 53. Rd8 Re4+ 54. Kc5 Rxd8 55. Rxd8
Rb4 1/2-1/2

[Event "27th Open"]
[Site "Cappelle la Grande FRA"]
[Date "2011.03.03"]
[Round "7"]
[White "Apicella,M"]
[Black "Spasov,V"]
[Result "1/2-1/2"]
[WhiteElo "2531"]
[BlackElo "2590"]
[EventDate "2011.02.26"]

1. e4 c5 2. Nf3 Nc6 3. d4 cxd4 4. Nxd4 Nf6 5. Nc3 e5 6. Ndb5 d6 7. Nd5 Nxd5
8. exd5 Nb8 9. c4 Be7 10. Be2 a6 11. Nc3 O-O 12. O-O f5 13. f4 Nd7 14. Kh1
Bf6 15. Qc2 g6 16. Rb1 Re8 17. Re1 Bh4 18. g3 Bf6 19. Bf1 b6 20. Be3 Bb7
21. Qd2 Rc8 22. Na4 exf4 23. gxf4 Bh4 24. Rec1 Re4 25. Nc3 Re7 26. Bf2 b5
1/2-1/2

[Event "27th Open"]
[Site "Cappelle la Grande FRA"]
[Date "2011.03.03"]
[Round "7"]
[White "Shneider,Alek"]
[Black "Solodovnichenko,Y"]
[Result "1-0"]
[WhiteElo "2518"]
[BlackElo "2577"]
[EventDate "2011.02.26"]

1. d4 d5 2. Nf3 Nf6 3. c4 c6 4. e3 e6 5. Nbd2 c5 6. b3 Nc6 7. Bb2 cxd4 8.
exd4 g6 9. Be2 Bg7 10. O-O O-O 11. Ne5 Nd7 12. f4 f6 13. Nef3 b6 14. Rc1
Bb7 15. Ba3 Re8 16. f5 exf5 17. cxd5 Ne7 18. Nc4 Nc8 19. d6 b5 20. Nb2 Qa5
21. Bc5 Bf8 22. b4 Qxa2 23. Bxb5 Qxb2 24. Rc2 Qa3 25. Bxd7 Rd8 26. Be6+ Kh8
27. Qd2 Be4 28. Ra2 Qd3 29. d7 Nd6 30. Rc1 Qb5 31. d5 Qb7 32. Qd4 Kg7 33.
Nd2 Nb5 34. Bxf8+ Rxf8 35. Qc5 Rad8 36. Nc4 Qb8 37. Rf2 Nc7 38. Na5 Bxd5
39. Bxd5 Rxd7 40. Nc6 Qe8 41. Bf3 Ne6 42. Qc4 Ng5 43. Re2 Nxf3+ 44. gxf3
Qc8 45. Rce1 Rff7 46. b5 Rc7 47. Re6 Qf8 48. Kg2 Qa3 49. R1e2 Qa1 50. Re1
Qa3 51. R6e2 Qd6 52. Ra2 Rfd7 53. Re6 Qd1 54. Qc3 Rf7 55. Rd2 Qa4 56. Qc5
Qh4 57. Rd4 Qg5+ 58. Kf2 Qh6 59. Kg2 Qg5+ 60. Kh1 Qh5 61. Re3 Qh3 62. Kg1
Qh6 63. Rd6 Qf4 64. Kh1 Qh4 65. Ree6 Qf4 66. Qc3 Qh4 67. Qd4 Qg5 68. Re1
Qh5 69. Qf4 Qh3 70. Rg1 Rcd7 71. Nd4 Kh8 72. Rxd7 Rxd7 73. Ne6 Rd6 74. Nd4
Rxd4 75. Qxd4 Qxf3+ 76. Rg2 Qf1+ 77. Qg1 Qxb5 78. Qxa7 Qb1+ 79. Qg1 Qe4 80.
Qa1 Kg7 81. Kg1 f4 82. Qa7+ Kh6 83. Rf2 g5 84. Qa3 Kg6 85. Qf3 Qd4 86. Kg2
h6 87. Re2 Kf5 88. h3 Qc4 89. Rd2 Ke5 90. Qe2+ Kf5 91. Kf3 h5 92. Ra2 1-0

[Event "27th Open"]
[Site "Cappelle la Grande FRA"]
[Date "2011.03.03"]
[Round "7"]
[White "Spraggett,K"]
[Black "Teske,H"]
[Result "1-0"]
[WhiteElo "2575"]
[BlackElo "2520"]
[EventDate "2011.02.26"]

1. e4 e5 2. Bc4 Nf6 3. d3 Nc6 4. Nf3 Bc5 5. c3 O-O 6. O-O d5 7. exd5 Nxd5
8. Nbd2 Bg4 9. Ne4 Bb6 10. h3 Bh5 11. a4 a6 12. Ng3 Bg6 13. Re1 Re8 14. Bg5
Qd7 15. Nh4 h6 16. Bd2 Bh7 17. Qf3 Rad8 18. Rad1 Re6 19. Ne4 Nce7 20. a5
Ba7 21. g4 Rf8 22. Be3 Nxe3 23. fxe3 Rc6 24. Bb3 b5 25. Rf1 Kh8 26. Nf5 Ng8
27. d4 exd4 28. exd4 Qd8 29. Kh1 Rg6 30. Rde1 Nf6 31. Neg3 Rg5 32. Re2 h5
33. Qf4 Nd5 34. Bxd5 Qxd5+ 35. Kh2 f6 36. Ne7 Qd8 37. Nc6 Qd5 38. Ne7 Qd8
39. Nc6 Qd5 40. Nxa7 Bd3 41. Qf3 Bxe2 42. Nxe2 Qd6+ 43. Qf4 Qe6 44. Ng3
hxg4 45. h4 Rg6 46. Qf5 Qe8 47. d5 Rh6 48. h5 g6 49. Qf4 Rh7 50. Nc6 gxh5
51. Nd4 h4 52. Ne4 Qg6 53. Ne6 Rff7 54. Qf5 g3+ 55. Kg1 Rh6 56. Rf3 Qg8 57.
Qf4 Qg6 58. Qf5 Qg8 59. b3 Rg6 60. Nf4 Rh6 61. Qe6 Kh7 62. Qf5+ Kh8 63. Qe6
Kh7 64. Nh3 Kg7 65. Qg4+ Kh8 66. Qe6 Kg7 67. Kg2 Qf8 68. b4 Qe7 69. Qg4+
Kh8 70. Rf5 Rg7 71. Qf4 Rgg6 72. Qf3 Qg7 73. Nc5 Qe7 74. Ne6 Rg8 75. Qf4
Qh7 76. Nxc7 Rh5 77. Qe4 Rd8 78. Nf4 h3+ 79. Nxh3 Rd7 80. Qd4 Kg8 81. Ne6
Rf7 82. Qd3 1-0

[Event "27th Open"]
[Site "Cappelle la Grande FRA"]
[Date "2011.03.03"]
[Round "7"]
[White "Hebden,M"]
[Black "Jojua,D"]
[Result "1/2-1/2"]
[WhiteElo "2558"]
[BlackElo "2515"]
[EventDate "2011.02.26"]

1. d4 d5 2. Nf3 Nf6 3. c4 e6 4. Nc3 Be7 5. Bg5 h6 6. Bh4 O-O 7. e3 Ne4 8.
Bxe7 Qxe7 9. Rc1 c6 10. Bd3 Nxc3 11. Rxc3 dxc4 12. Bxc4 Nd7 13. O-O b6 14.
Qe2 Bb7 15. Rd1 c5 16. Ba6 Bxa6 17. Qxa6 Rfd8 18. Rcc1 cxd4 19. Nxd4 Nc5
20. Qa3 e5 21. Nf5 Qe6 22. b4 1/2-1/2

[Event "27th Open"]
[Site "Cappelle la Grande FRA"]
[Date "2011.03.03"]
[Round "7"]
[White "Nyzhnyk,I"]
[Black "Vorobiov,E"]
[Result "1/2-1/2"]
[WhiteElo "2530"]
[BlackElo "2556"]
[EventDate "2011.02.26"]

1. d4 Nf6 2. c4 e6 3. Nf3 d5 4. Nc3 dxc4 5. g3 a6 6. Bg2 b5 7. a4 b4 8. Ne5
Ra7 9. Nb1 Bb7 10. f3 c5 11. dxc5 Bxc5 12. Nxc4 Ke7 13. Nbd2 Bd5 14. e4
1/2-1/2

[Event "27th Open"]
[Site "Cappelle la Grande FRA"]
[Date "2011.03.03"]
[Round "7"]
[White "Brodsky,M"]
[Black "Fargere,Fr"]
[Result "1-0"]
[WhiteElo "2554"]
[BlackElo "2512"]
[EventDate "2011.02.26"]

1. d4 d5 2. c4 c6 3. Nc3 Nf6 4. e3 g6 5. Nf3 Bg7 6. Bd3 O-O 7. O-O Bg4 8.
h3 Bxf3 9. Qxf3 e6 10. Rd1 Nbd7 11. Bd2 Re8 12. Be1 Qe7 13. Qe2 a6 14. Rac1
Rac8 15. a3 Nh5 16. Rc2 f5 17. cxd5 exd5 18. Bxf5 Ng3 19. fxg3 gxf5 20. Qf3
Qxe3+ 21. Qxe3 Rxe3 22. Nxd5 Ree8 23. Nc3 Bxd4+ 24. Bf2 Bxf2+ 25. Rxf2 Nb6
26. Rxf5 Rcd8 27. Rxd8 Rxd8 28. b3 Rd2 29. Rf2 Rd4 30. Rf4 Rd3 31. Rf3 Rd4
32. Kf1 a5 33. Ke2 a4 34. b4 Nc4 35. Rd3 b5 36. Nxa4 Kf7 1-0

[Event "27th Open"]
[Site "Cappelle la Grande FRA"]
[Date "2011.03.03"]
[Round "7"]
[White "Arnaudov,G"]
[Black "Tikkanen,H"]
[Result "0-1"]
[WhiteElo "2489"]
[BlackElo "2550"]
[EventDate "2011.02.26"]

1. d4 d5 2. c4 c6 3. e3 Bf5 4. cxd5 cxd5 5. Qb3 Qc7 6. Bb5+ Bd7 7. Nc3 e6
8. Bd2 Nc6 9. Nf3 Nf6 10. Rc1 Be7 11. Ne5 O-O 12. O-O Nxe5 13. Nxd5 Nxd5
14. Rxc7 Nxc7 15. Bxd7 Nxd7 16. Qxb7 Rfc8 17. Rc1 Rab8 18. Qxa7 Rxb2 19. g3
Bd8 20. Bc3 Rb5 21. Qa3 Nd5 22. Bd2 Rcb8 23. e4 N5f6 24. Bf4 e5 25. dxe5
Nxe5 26. Bxe5 Rxe5 27. Qd6 Reb5 28. e5 Ne8 29. Qd7 Rxe5 30. a4 Bb6 31. Rc8
Rxc8 32. Qxc8 Kf8 33. Qb8 Bc7 34. Qb4+ Bd6 35. Qc3 Re4 36. Qc6 Re5 37. Qc3
Re2 38. Qc4 Re1+ 39. Kg2 Re5 40. Qc3 Bc7 41. Qb4+ Kg8 42. f4 Ra5 43. Qe7
Ra8 44. Qe4 Rd8 45. Qe7 Rb8 46. Qc5 Bd6 47. Qc6 Bc7 48. Qc3 Kf8 49. a5 Ra8
50. Qc5+ Bd6 51. Qb6 Bc7 52. Qc5+ Bd6 53. Qb6 Rb8 54. Qc6 Rb2+ 55. Kf3 Rxh2
56. a6 Ra2 57. Qb6 f5 58. a7 h5 59. Ke3 Ke7 60. Kd3 Nc7 61. Qb8 Ra3+ 62.
Kc4 Rxg3 63. a8=Q Nxa8 64. Qxa8 Bxf4 65. Qa7+ Kf6 66. Qd4+ Kg6 67. Qd8 Re3
68. Kd4 Re4+ 69. Kd3 Bg5 70. Qb6+ Bf6 71. Qg1+ Kh6 72. Qc1+ g5 73. Qc8 Kg6
74. Qg8+ Bg7 0-1

[Event "27th Open"]
[Site "Cappelle la Grande FRA"]
[Date "2011.03.03"]
[Round "7"]
[White "Prohaszka,P2"]
[Black "Pacher,M"]
[Result "1-0"]
[WhiteElo "2542"]
[BlackElo "2399"]
[EventDate "2011.02.26"]

1. Nf3 Nf6 2. c4 b6 3. d4 e6 4. Nc3 Bb4 5. Bg5 h6 6. Bh4 g5 7. Bg3 Ne4 8.
Qc2 Bb7 9. Nd2 Bxc3 10. bxc3 f5 11. e3 d6 12. Nxe4 Bxe4 13. Qd2 Bb7 14. f3
Nd7 15. h4 Qf6 16. a4 a5 17. c5 bxc5 18. Bb5 Ba6 19. Bxd7+ Kxd7 20. Be5 Qg6
21. Bxh8 Rxh8 22. h5 Qg7 23. dxc5 g4 24. f4 Rb8 25. cxd6 c5 26. g3 Rb3 27.
Rc1 Qf8 28. Kf2 Qa8 29. Kg1 Qe4 30. Kh2 Bd3 31. c4 Bxc4 32. Rhe1 Rb4 33.
Rc2 Rxa4 34. Rec1 Bb3 35. Rb2 Bd5 36. Qc3 c4 37. Qg7+ Kxd6 38. Qf8+ Kc7 39.
Qe7+ Kc6 40. Qe8+ 1-0

[Event "27th Open"]
[Site "Cappelle la Grande FRA"]
[Date "2011.03.03"]
[Round "7"]
[White "Sepp,O"]
[Black "Vovk,Y"]
[Result "1/2-1/2"]
[WhiteElo "2485"]
[BlackElo "2539"]
[EventDate "2011.02.26"]

1. Nf3 Nf6 2. g3 g6 3. Bg2 Bg7 4. O-O O-O 5. d4 d6 6. a4 Na6 7. c3 c5 8.
dxc5 Nxc5 9. a5 Bd7 10. Be3 Qc7 11. h3 Bc6 12. Nbd2 e5 13. Qc2 Ne6 14. Rfd1
d5 15. Ng5 Bb5 16. Nxe6 fxe6 17. c4 dxc4 18. Ne4 Nd5 19. Bc5 Rfd8 20. h4
Bf8 21. Bxf8 Rxf8 22. h5 gxh5 23. Ng5 Nb4 24. Qd2 Qe7 25. Nxe6 Rf6 26. Ng5
h4 27. gxh4 Raf8 28. Ne4 Rf4 29. Ra3 Bc6 30. Rg3+ Kh8 31. Qd6 Qxd6 32. Nxd6
e4 33. Nxc4 Rxh4 34. Ne5 Rhf4 35. Rd4 Nd5 36. Nxc6 bxc6 37. Rxe4 R4f7 38.
Rc4 Nf4 39. Bf3 Rd7 40. Rc2 Rd1+ 41. Kh2 Rf1 42. Rd2 Ra1 43. Rd7 Rxa5 44.
Rgg7 Rf6 45. Rxh7+ Kg8 46. Rdg7+ Kf8 47. Rxa7 Rxa7 48. Rxa7 Nxe2 49. Kg2
Nf4+ 50. Kg3 Nd3 51. Rc7 Nxb2 52. Bxc6 Nd3 53. f3 Rg6+ 54. Kh4 Nf4 55. Be4
Ng2+ 56. Kh3 Nf4+ 57. Kh4 Ng2+ 58. Kh3 Nf4+ 1/2-1/2

[Event "27th Open"]
[Site "Cappelle la Grande FRA"]
[Date "2011.03.03"]
[Round "7"]
[White "Kuzmicz,K"]
[Black "Petrov,Marij"]
[Result "1/2-1/2"]
[WhiteElo "2406"]
[BlackElo "2535"]
[EventDate "2011.02.26"]

1. c4 g6 2. g3 Bg7 3. Bg2 e5 4. Nc3 d6 5. d3 Ne7 6. e4 O-O 7. Nge2 Nbc6 8.
O-O Nd4 9. Nxd4 exd4 10. Nd5 Nxd5 11. cxd5 c5 12. dxc6 bxc6 13. Qa4 Bd7 14.
Bf4 Qe7 15. Qa3 c5 16. b4 Bb5 17. Rfc1 Rac8 18. Qb3 Ba6 19. Qa3 Bb5 20. Bh3
Rc6 21. bxc5 dxc5 22. Rab1 Ra6 23. Qb3 Rb6 24. Qa3 Ra6 25. Qb3 1/2-1/2

[Event "27th Open"]
[Site "Cappelle la Grande FRA"]
[Date "2011.03.03"]
[Round "7"]
[White "Sharapov,E"]
[Black "Zhigalko,S"]
[Result "1/2-1/2"]
[WhiteElo "2468"]
[BlackElo "2671"]
[EventDate "2011.02.26"]

1. e4 c5 2. Nf3 d6 3. d4 cxd4 4. Nxd4 Nf6 5. Nc3 a6 6. g3 g6 7. Bg2 Bg7 8.
O-O O-O 9. h3 Nc6 10. Nde2 Rb8 11. Nd5 Nd7 12. c3 b5 13. Nd4 Nde5 14. f4
Nxd4 15. cxd4 Nc6 16. Be3 e6 17. Nc3 Qb6 18. Ne2 d5 19. e5 a5 20. Nc1 b4
21. Nb3 Nd8 22. Nc5 Nb7 23. Bc1 1/2-1/2